SQL, PL/SQL: The Programming Language of Oracle (Record no. 271)

MARC details
000 -LEADER
fixed length control field 00476nam a22001817a 4500
005 - DATE AND TIME OF LATEST TRANSACTION
control field 20180205121635.0
008 - FIXED-LENGTH DATA ELEMENTS--GENERAL INFORMATION
fixed length control field 160429b xxu||||| |||| 00| 0 eng d
020 ## - INTERNATIONAL STANDARD BOOK NUMBER
ISBN 81-7656372-3
041 ## - LANGUAGE CODE
Language code of text/sound track or separate title eng
082 ## - DEWEY DECIMAL CLASSIFICATION NUMBER
Item number 00829
Classification number 005.13
100 ## - MAIN ENTRY--AUTHOR NAME
Personal name Bayross, Ivan
245 ## - TITLE STATEMENT
Title SQL, PL/SQL: The Programming Language of Oracle
250 ## - EDITION STATEMENT
Edition statement 2ND REVISED ED.
260 ## - PUBLICATION, DISTRIBUTION, ETC. (IMPRINT)
Place of publication New Delhi
Name of publisher BPB Publishing,
Year of publication 2003
300 ## - PHYSICAL DESCRIPTION
Number of Pages 379
650 ## - SUBJECT ADDED ENTRY--TOPICAL TERM
Topical Term Information Technology
942 ## - ADDED ENTRY ELEMENTS (KOHA)
Koha item type Books
Holdings
Lost status Damaged status Collection code Home library Current library Shelving location Date acquired Cost, normal purchase price Full call number Accession Number Koha item type
    CS/IT JRU Library JRU Library SHELF-54-F 29/04/2016 297.00 005.13 00829 Books
    CS/IT JRU Library JRU Library SHELF-54-F 29/04/2016 297.00 005.13 00830 Books
    CS/IT JRU Library JRU Library SHELF-54-F 29/04/2016 297.00 005.13 00831 Books
    CS/IT JRU Library JRU Library SHELF-54-F 29/04/2016 297.00 005.13 00832 Books
    CS/IT JRU Library JRU Library SHELF-54-F 29/04/2016 297.00 005.13 00833 Books